[Event "DEN-ch Kort 1-1"]
[Site "Svendborg"]
[Date "2019.04.15"]
[Round "5"]
[White "Hansen, Ib Lynaes"]
[Black "Falberg, Hugo"]
[Result "0-1"]
[WhiteElo "1846"]
[BlackElo "1874"]
[PlyCount "64"]
[EventDate "2019.04.13"]
[EventType "swiss"]
[EventRounds "5"]
[EventCountry "DEN"]
[SourceTitle "EXT 2020"]
[Source "ChessBase"]
[SourceDate "2019.10.17"]
[SourceVersion "1"]
[SourceVersionDate "2019.10.17"]
[SourceQuality "1"]

1. e4 e5 2. Nf3 Nc6 3. d4 exd4 4. Bc4 Nf6 5. 0-0 Nxe4 6. Re1 d5 7. Nxd4 Bc5 8. Bxd5 Qxd5 9. Nc3 Qxd4 10. Rxe4+ Qxe4 11. Nxe4 Bb6 12. Bg5 0-0 13. Qh5 Bf5 14. Qf3 Nd4 15. Qd3 Rfe8 16. Re1 Re5 17. Kf1 Rae8 18. f3 Bg6 19. c3 Ne6 20. Be3 f5 21. Bxb6 fxe4 22. Qd7 axb6 23. fxe4 Rd8 24. Qa4 Nc5 25. Qc4+ Bf7 26. Qb4 Nd3 27. Qa4 Nxe1 28. Kxe1 Rde8 29. Qa7 Rxe4+ 30. Kf2 Bd5 31. b3 Re2+ 32. Kg3 Rxg2+ 0-1

[Event "DEN-ch Kort 1-1"]
[Site "Svendborg"]
[Date "2019.04.14"]
[Round "3"]
[White "Hansen, Ib Lynaes"]
[Black "Christensen, John Christoffer H"]
[Result "1/2-1/2"]
[WhiteElo "1846"]
[BlackElo "1826"]
[PlyCount "58"]
[EventDate "2019.04.13"]
[EventType "swiss"]
[EventRounds "5"]
[EventCountry "DEN"]
[SourceTitle "EXT 2020"]
[Source "ChessBase"]
[SourceDate "2019.10.17"]
[SourceVersion "1"]
[SourceVersionDate "2019.10.17"]
[SourceQuality "1"]

1. f4 Nh6 2. e4 c6 3. d4 d5 4. e5 Bg4 5. Be2 Bxe2 6. Qxe2 e6 7. Nf3 Qb6 8. Nc3 a6 9. 0-0 Nf5 10. Rd1 c5 11. Qd3 Nc6 12. dxc5 Bxc5+ 13. Kh1 Rd8 14. Na4 Qa7 15. Nxc5 Qxc5 16. c3 0-0 17. Nd4 Nfxd4 18. cxd4 Qe7 19. Qg3 f5 20. Qf2 Rd7 21. Bd2 Rc8 22. Rac1 Rdc7 23. Rc2 Nb4 24. Rxc7 Rxc7 25. Bxb4 Qxb4 26. h3 Qa4 27. b3 Qc6 28. Kh2 Qc2 29. Rd2 Qc6 1/2-1/2

[Event "DEN-ch rapid op B"]
[Site "Hvidovre"]
[Date "2018.09.09"]
[Round "6"]
[White "Andersen, Peter Vestergaard"]
[Black "Hansen, Ib Lynaes"]
[Result "1-0"]
[WhiteElo "1902"]
[BlackElo "1816"]
[PlyCount "96"]
[EventDate "2018.09.09"]
[EventType "tourn (rapid)"]
[EventRounds "7"]
[EventCountry "DEN"]
[SourceTitle "EXT 2024"]
[Source "ChessBase"]
[SourceDate "2023.10.10"]
[SourceVersion "1"]
[SourceVersionDate "2023.10.10"]
[SourceQuality "1"]

1. e4 e6 2. d4 b6 3. Nc3 Bb7 4. Bf4 Bb4 5. Bd3 Nf6 6. Nge2 h6 7. 0-0 a5 8. a3 Be7 9. Qd2 Nh5 10. Be3 d6 11. Nf4 Nxf4 12. Bxf4 Nd7 13. Rfe1 e5 14. dxe5 dxe5 15. Be3 Nc5 16. Bxc5 Bxc5 17. Rad1 Qg5 18. Bb5+ Kf8 19. Qxg5 hxg5 20. Rd7 Bd6 21. Bc4 Rh7 22. Nb5 Bc6 23. Rxf7+ Ke8 24. Nxc7+ Bxc7 25. Rxc7 Bd7 26. Rd1 g6 27. Rb7 Rc8 28. Rbxd7 Rxd7 29. Bb5 Rcd8 30. Rxd7 Rxd7 31. Bxd7+ Kxd7 32. Kf1 Kc6 33. Ke2 Kc5 34. Kd3 b5 35. b3 b4 36. axb4+ axb4 37. h3 Kb5 38. c4+ Kc5 39. g3 Kd6 40. Ke3 Kc5 41. f4 gxf4+ 42. gxf4 exf4+ 43. Kxf4 Kd4 44. e5 Kc3 45. e6 Kxb3 46. e7 Ka2 47. e8Q b3 48. Qa4+ Kb2 1-0

[Event "Reykjavik op"]
[Site "Reykjavik"]
[Date "2018.03.10"]
[Round "9"]
[White "Hansen, Ib Lynaes"]
[Black "Runarsson, Gunnar Freyr"]
[Result "0-1"]
[WhiteElo "1822"]
[BlackElo "1993"]
[PlyCount "106"]
[EventDate "2018.03.06"]
[EventType "swiss"]
[EventRounds "9"]
[EventCountry "ISL"]
[SourceTitle "EXT 2019"]
[Source "ChessBase"]
[SourceDate "2018.10.10"]
[SourceVersion "1"]
[SourceVersionDate "2018.10.10"]
[SourceQuality "1"]

1. d4 Nf6 2. c4 g6 3. Nc3 d5 4. e3 Bg7 5. Nf3 0-0 6. Bd3 dxc4 7. Bxc4 c5 8. 0-0 Nc6 9. d5 Na5 10. Bb3 Nxb3 11. Qxb3 b6 12. e4 e6 13. Bg5 h6 14. Bxf6 Bxf6 15. e5 Bg7 16. d6 Bb7 17. Rfe1 Bxf3 18. gxf3 Qg5+ 19. Kf1 Bxe5 20. Ne4 Qf4 21. Qe3 Qxe3 22. fxe3 f5 23. Nc3 Bxd6 24. Re2 Be5 25. Nd1 Rfd8 26. f4 Bf6 27. e4 Rd4 28. Nf2 Rad8 29. Rae1 Kf7 30. Kg2 Bh4 31. exf5 exf5 32. Kf3 R8d7 33. Rc1 Bxf2 34. Rxf2 Rd3+ 35. Kg2 Rd2 36. Rc2 Rxc2 37. Rxc2 Rd4 38. Kf3 Rd3+ 39. Kf2 Kf6 40. b3 g5 41. fxg5+ hxg5 42. Ke2 Rh3 43. Kf1 f4 44. Kg2 Rd3 45. Rb2 g4 46. Rc2 Kf5 47. Rb2 Ke4 48. Kf2 Rf3+ 49. Kg2 Kd3 50. Rb1 Kc2 51. Rh1 Rd3 52. Rf1 Rd2+ 53. Kg1 Rd1 0-1

[Event "Helsingor Xtracon op"]
[Site "Helsingor"]
[Date "2017.07.30"]
[Round "10"]
[White "Larsen, Hans Haagen"]
[Black "Hansen, Ib Lynaes"]
[Result "1-0"]
[WhiteElo "1627"]
[BlackElo "1839"]
[PlyCount "103"]
[EventDate "2017.07.22"]
[EventType "swiss"]
[EventRounds "10"]
[EventCountry "DEN"]
[SourceTitle "CBM 179 Extra"]
[Source "ChessBase"]
[SourceDate "2017.08.23"]
[SourceVersion "1"]
[SourceVersionDate "2017.08.23"]
[SourceQuality "1"]

1. e4 e6 2. d4 b6 3. Bf4 Bb7 4. Nc3 Bb4 5. Bd3 Nc6 6. Nge2 Nf6 7. 0-0 0-0 8. Nb5 Ne8 9. a3 Be7 10. d5 Nb8 11. c4 d6 12. Qc2 e5 13. Bg3 Nd7 14. b4 Ndf6 15. f4 Ng4 16. Rf3 exf4 17. Nxf4 Ne5 18. Rf2 Bh4 19. Bxh4 Qxh4 20. g3 Qh6 21. Be2 a5 22. Raf1 axb4 23. axb4 Bc8 24. Nd4 g6 25. Nfe6 Bxe6 26. Nxe6 fxe6 27. Rxf8+ Qxf8 28. Rxf8+ Kxf8 29. dxe6 Nf6 30. c5 Nfg4 31. Bxg4 Nxg4 32. Qb2 Ne5 33. cxd6 cxd6 34. Qc3 Ke7 35. Qc7+ Kxe6 36. Qxh7 Ra4 37. Qg8+ Kd7 38. Qb3 Ra1+ 39. Kg2 Rc1 40. Qd5 Rc2+ 41. Kh3 g5 42. Qb7+ Ke6 43. Qxb6 g4+ 44. Kh4 Rxh2+ 45. Kg5 Rh8 46. Qf2 Rg8+ 47. Kh6 Rb8 48. Qa2+ Kf6 49. Qf2+ Nf3 50. Kh5 Rg8 51. Qf1 Rh8+ 52. Kxg4 1-0

[Event "Helsingor Xtracon op"]
[Site "Helsingor"]
[Date "2017.07.29"]
[Round "9"]
[White "Hansen, Ib Lynaes"]
[Black "Slettebo, Jan"]
[Result "0-1"]
[WhiteElo "1839"]
[BlackElo "2021"]
[PlyCount "42"]
[EventDate "2017.07.22"]
[EventType "swiss"]
[EventRounds "10"]
[EventCountry "DEN"]
[SourceTitle "CBM 179 Extra"]
[Source "ChessBase"]
[SourceDate "2017.08.23"]
[SourceVersion "1"]
[SourceVersionDate "2017.08.23"]
[SourceQuality "1"]

1. e4 e5 2. Nf3 Nc6 3. Bb5 Nge7 4. c3 d5 5. Nxe5 dxe4 6. 0-0 Qd5 7. Nxc6 bxc6 8. Ba4 Ba6 9. Re1 Bd3 10. Bb3 Qf5 11. Bc2 0-0-0 12. Bxd3 exd3 13. c4 Ng6 14. Re3 Bc5 15. Rf3 Nf4 16. Qf1 Rhe8 17. Nc3 g5 18. g4 Qg6 19. Rb1 Bd4 20. b4 Bxc3 21. dxc3 d2 0-1

[Event "Helsingor Xtracon op"]
[Site "Helsingor"]
[Date "2017.07.23"]
[Round "2"]
[White "Hestholm, Sverre"]
[Black "Hansen, Ib Lynaes"]
[Result "1-0"]
[WhiteElo "1531"]
[BlackElo "1839"]
[PlyCount "65"]
[EventDate "2017.07.22"]
[EventType "swiss"]
[EventRounds "10"]
[EventCountry "DEN"]
[SourceTitle "CBM 179 Extra"]
[Source "ChessBase"]
[SourceDate "2017.08.23"]
[SourceVersion "1"]
[SourceVersionDate "2017.08.23"]
[SourceQuality "1"]

1. e4 c5 2. Nf3 g6 3. d4 Bg7 4. Nc3 cxd4 5. Nxd4 Nc6 6. Be3 a6 7. Qd2 Nxd4 8. Bxd4 f6 9. 0-0-0 b5 10. Nd5 Rb8 11. Bc3 Kf8 12. Ba5 Qe8 13. Nc7 Qf7 14. Kb1 f5 15. exf5 Qxf5 16. Bd3 Qe5 17. c3 Bh6 18. f4 Qc5 19. Qe2 Rb7 20. f5 Rxc7 21. Bxc7 Qxc7 22. fxg6 hxg6 23. Bxg6 Qc6 24. Rhf1+ Kg7 25. Be8 Qe6 26. Rf7+ Qxf7 27. Qg4+ Kf8 28. Bxf7 Kxf7 29. Qh5+ Kf8 30. Qc5 Bb7 31. Rf1+ Nf6 32. Rxf6+ Kg7 33. Qxe7+ 1-0

[Event "DEN-ch Seniors 65+"]
[Site "Logumkloster"]
[Date "2017.02.18"]
[Round "7"]
[White "Hansen, Ib Lynaes"]
[Black "Moestrup, Jorn"]
[Result "0-1"]
[WhiteElo "1787"]
[BlackElo "2037"]
[PlyCount "110"]
[EventDate "2017.02.12"]
[EventType "swiss"]
[EventRounds "7"]
[EventCountry "DEN"]
[SourceTitle "EXT 2018"]
[Source "ChessBase"]
[SourceDate "2017.10.13"]
[SourceVersion "1"]
[SourceVersionDate "2017.10.13"]
[SourceQuality "1"]

1. d3 d5 2. g3 g6 3. Bg2 Bg7 4. Nc3 Nf6 5. e4 dxe4 6. Nxe4 0-0 7. Ne2 Nxe4 8. Bxe4 f5 9. Bg2 e5 10. c3 Nc6 11. Qc2 Be6 12. f4 Bd5 13. 0-0 Bxg2 14. Kxg2 Qd5+ 15. Kg1 Rad8 16. fxe5 Nxe5 17. Nf4 Qc6 18. Qe2 Rfe8 19. d4 Ng4 20. Qf3 Qxf3 21. Rxf3 c6 22. h3 Nf6 23. Kf1 Ne4 24. Nd3 Rd5 25. a4 a6 26. Kg2 c5 27. Nf4 Rd7 28. d5 c4 29. Rf1 Be5 30. g4 fxg4 31. hxg4 Nf6 32. Re1 Nxd5 33. Nxd5 Rxd5 34. Bf4 Kf7 35. Re4 Bxf4 36. Rxf4+ Kg8 37. Raf1 Rd2+ 38. R1f2 Rxf2+ 39. Rxf2 Kg7 40. Kg3 Re7 41. Rd2 Kf6 42. Rd4 Re2 43. Rd6+ Re6 44. Rd7 Rb6 45. Rxh7 Rxb2 46. Rc7 b5 47. Rc6+ Kg5 48. Rxa6 Rb3 49. axb5 Rxc3+ 50. Kg2 Rb3 51. Rc6 c3 52. b6 Kxg4 53. Rxg6+ Kf4 54. Kf1 Rb1+ 55. Ke2 c2 0-1

[Event "Politiken Cup 37th"]
[Site "Helsingor"]
[Date "2015.07.25"]
[Round "1"]
[White "Haugli, Petter"]
[Black "Hansen, Ib Lynaes"]
[Result "1-0"]
[WhiteElo "2247"]
[BlackElo "1819"]
[PlyCount "48"]
[EventDate "2015.07.25"]
[EventType "swiss"]
[EventRounds "10"]
[EventCountry "DEN"]
[SourceTitle "CBM 167 Extra"]
[Source "ChessBase"]
[SourceDate "2015.09.14"]
[SourceVersion "1"]
[SourceVersionDate "2015.09.14"]
[SourceQuality "1"]

1. d4 e6 2. c4 b6 3. Nc3 Bb7 4. Bf4 Be7 5. e4 Nf6 6. Bd3 d6 7. Nf3 0-0 8. 0-0 Nbd7 9. Qc2 c5 10. e5 Nh5 11. exd6 Nxf4 12. dxe7 Qxe7 13. Bxh7+ Kh8 14. Be4 Nf6 15. Bxb7 Qxb7 16. dxc5 bxc5 17. Rfe1 Rfd8 18. Rad1 a6 19. b3 Rd4 20. Ne2 Rad8 21. Nxf4 Rxd1 22. Rxd1 Rxd1+ 23. Qxd1 Qe4 24. Nd3 Nd7 1-0

[Event "Odense Andersen op"]
[Site "Odense"]
[Date "2012.05.18"]
[Round "4"]
[White "Rusev, Krasimir"]
[Black "Hansen, Ib Lynaes"]
[Result "1-0"]
[WhiteElo "2525"]
[BlackElo "1905"]
[PlyCount "89"]
[EventDate "2012.05.16"]
[EventType "swiss"]
[EventRounds "9"]
[EventCountry "DEN"]
[SourceTitle "CBM 148 Extra"]
[Source "ChessBase"]
[SourceDate "2012.06.22"]
[SourceVersion "1"]
[SourceVersionDate "2012.06.22"]
[SourceQuality "1"]

1. d4 Nf6 2. c4 g6 3. Nc3 d5 4. cxd5 Nxd5 5. Bd2 Bg7 6. e4 Nxc3 7. Bxc3 0-0 8. Rc1 c6 9. Be2 Nd7 10. Nf3 Nf6 11. Qc2 Bg4 12. 0-0 Qc7 13. h3 Bd7 14. Bd2 Rfd8 15. Be3 Be8 16. Rfd1 Qc8 17. a3 b6 18. Ne5 Qe6 19. Bc4 Qc8 20. Be2 Qe6 21. Bf4 Rd6 22. Bc4 Qc8 23. Qb3 Nxe4 24. Nxf7 Bxf7 25. Bxf7+ Kh8 26. Bxd6 exd6 27. Bd5 Qf5 28. Bxe4 Qxe4 29. Qc2 Qxc2 30. Rxc2 c5 31. dxc5 dxc5 32. Rd7 Bd4 33. Re2 a6 34. g3 b5 35. Kg2 a5 36. f4 Kg8 37. Kf3 Bf6 38. b3 Rb8 39. Rc7 Bd4 40. h4 a4 41. bxa4 bxa4 42. Kg4 Kf8 43. Re6 Rb3 44. Ra6 h5+ 45. Kh3 1-0

[Event "Odense Andersen op"]
[Site "Odense"]
[Date "2012.05.17"]
[Round "3"]
[White "Hansen, Ib Lynaes"]
[Black "Christiansen, Jens Jorgen"]
[Result "0-1"]
[WhiteElo "1905"]
[BlackElo "2151"]
[PlyCount "60"]
[EventDate "2012.05.16"]
[EventType "swiss"]
[EventRounds "9"]
[EventCountry "DEN"]
[SourceTitle "CBM 148 Extra"]
[Source "ChessBase"]
[SourceDate "2012.06.22"]
[SourceVersion "1"]
[SourceVersionDate "2012.06.22"]
[SourceQuality "1"]

1. d4 d5 2. Nf3 Nf6 3. g3 c6 4. Bg2 Bf5 5. Nbd2 Nbd7 6. 0-0 e6 7. b3 Be7 8. c4 h6 9. a4 a5 10. Ba3 Bxa3 11. Rxa3 Qe7 12. Ra2 0-0 13. Re1 Ne4 14. Nxe4 Bxe4 15. Nh4 Bxg2 16. Nxg2 Qb4 17. Qd2 Qxb3 18. Rb2 Qxa4 19. Rxb7 Nf6 20. c5 Rab8 21. Ra7 Rb4 22. e3 Ne4 23. Qe2 Rfb8 24. Nf4 R4b7 25. Qa6 Rb1 26. Rxb1 Rxb1+ 27. Kg2 Qd1 28. Ne2 Qh1+ 29. Kh3 Nxf2+ 30. Kh4 Qxh2# 0-1

[Event "Odense Andersen op"]
[Site "Odense"]
[Date "2012.05.16"]
[Round "1"]
[White "Hansen, Ib Lynaes"]
[Black "Skytte, Rasmus"]
[Result "0-1"]
[WhiteElo "1905"]
[BlackElo "2394"]
[PlyCount "80"]
[EventDate "2012.05.16"]
[EventType "swiss"]
[EventRounds "9"]
[EventCountry "DEN"]
[SourceTitle "CBM 148 Extra"]
[Source "ChessBase"]
[SourceDate "2012.06.22"]
[SourceVersion "1"]
[SourceVersionDate "2012.06.22"]
[SourceQuality "1"]

1. e4 c5 2. Nc3 e6 3. g3 d5 4. exd5 exd5 5. Bg2 Nf6 6. d4 cxd4 7. Qxd4 Nc6 8. Qd1 Bg4 9. Nce2 Bc5 10. Be3 Bxe3 11. fxe3 Qb6 12. Qc1 0-0 13. h3 Bh5 14. Nf3 Rfe8 15. g4 Rxe3 16. gxh5 Rae8 17. 0-0 Rxe2+ 18. Kh1 Qc7 19. Qg5 Ne4 20. Qxd5 Nb4 21. Qb3 Ng3+ 22. Kg1 Nxf1 23. Rxf1 Qg3 24. Nh4 Qxb3 25. cxb3 Re1 26. Bxb7 Nxa2 27. h6 g6 28. Bd5 Rxf1+ 29. Kxf1 Nb4 30. Bc4 Nc2 31. Kf2 Ne3 32. Be2 Nf5 33. Nf3 Nxh6 34. Nd4 Rc8 35. b4 Nf5 36. Nb5 Rc2 37. Ke1 Rxb2 38. Nxa7 Rxb4 39. Nb5 Nd4 40. Nc7 Rb1+ 0-1

[Event "Horsens op"]
[Site "Horsens"]
[Date "2011.07.??"]
[Round "4"]
[White "Hansen, Ib Lynaes"]
[Black "Teplyi, Igor"]
[Result "0-1"]
[WhiteElo "1920"]
[BlackElo "2387"]
[PlyCount "70"]
[EventDate "2011.07.??"]
[EventType "swiss"]
[EventRounds "7"]
[EventCountry "DEN"]
[SourceTitle "EXT 2012"]
[Source "ChessBase"]
[SourceDate "2011.11.24"]
[SourceVersion "1"]
[SourceVersionDate "2011.11.24"]
[SourceQuality "1"]

1. e4 c5 2. Nc3 d6 3. g3 Nc6 4. Bg2 g6 5. d3 Bg7 6. Nge2 Bd7 7. Nd5 e6 8. Ne3 Nge7 9. c3 0-0 10. 0-0 b5 11. f4 f5 12. a3 Qb6 13. Kh1 Kh8 14. Qd2 Rad8 15. Rb1 b4 16. Nc4 Qb8 17. axb4 cxb4 18. cxb4 fxe4 19. dxe4 d5 20. exd5 exd5 21. Ne3 d4 22. Nc4 Be6 23. b3 Bf5 24. Ra1 d3 25. Nc3 Qxb4 26. Bb2 Qxb3 27. Ne5 Nxe5 28. fxe5 Nc8 29. Ne4 Nb6 30. Rxa7 Bxe4 31. Rxf8+ Rxf8 32. Bxe4 Nc4 33. Rxg7 Nxd2 34. Rb7 Qd1+ 35. Kg2 Qf1# 0-1

[Event "Politiken Cup 31st"]
[Site "Helsingor"]
[Date "2009.07.18"]
[Round "1"]
[White "Lund, Silas"]
[Black "Hansen, Ib Lynaes"]
[Result "1-0"]
[WhiteElo "2412"]
[BlackElo "1943"]
[PlyCount "67"]
[EventDate "2009.07.18"]
[EventType "swiss"]
[EventRounds "10"]
[EventCountry "DEN"]
[SourceTitle "CBM 131 Extra"]
[Source "ChessBase"]
[SourceDate "2009.09.03"]
[SourceVersion "2"]
[SourceVersionDate "2009.09.16"]
[SourceQuality "1"]

1. d4 Nf6 2. c4 e6 3. Nc3 b6 4. e4 Bb7 5. Bd3 d6 6. Qe2 Be7 7. f4 Nbd7 8. e5 Ng8 9. Nf3 Bh4+ 10. g3 Be7 11. 0-0 c6 12. f5 Nf8 13. exd6 Bxd6 14. fxe6 f6 15. Bd2 Ne7 16. Rae1 Nfg6 17. Ne4 0-0 18. Bc3 Bc7 19. Rf2 Qe8 20. Ned2 a6 21. b3 Ra7 22. Nf1 b5 23. h4 Nc8 24. h5 Nge7 25. Nh4 c5 26. d5 Nd6 27. Qg4 Kh8 28. Ng6+ Nxg6 29. hxg6 Qe7 30. gxh7 bxc4 31. bxc4 a5 32. Ne3 a4 33. Ng2 g5 34. Qxg5 1-0

[Event "North Sea Cup 23th"]
[Site "Esbjerg"]
[Date "2008.07.16"]
[Round "8"]
[White "Christensen, Svend Ib"]
[Black "Hansen, Ib Lynaes"]
[Result "0-1"]
[WhiteElo "1531"]
[BlackElo "1926"]
[PlyCount "104"]
[EventDate "2008.07.11"]
[EventType "swiss"]
[EventRounds "10"]
[EventCountry "DEN"]
[SourceTitle "CBM 125 Extra"]
[Source "ChessBase"]
[SourceDate "2008.09.01"]
[SourceVersion "1"]
[SourceVersionDate "2008.09.01"]
[SourceQuality "1"]

1. d4 d6 2. Nf3 g6 3. Bf4 Bg7 4. e3 Nf6 5. Nbd2 Nbd7 6. c3 a6 7. Bc4 b5 8. Bxf7+ Kxf7 9. Ng5+ Kg8 10. Ne6 Qe8 11. Nxc7 Qd8 12. Nxa8 Bb7 13. Qb3+ Bd5 14. c4 Bf7 15. Qd3 bxc4 16. Nxc4 Qxa8 17. 0-0 h6 18. Rac1 Kh7 19. Nd2 Rc8 20. b3 Nh5 21. Bg3 Rc6 22. Rc3 Bd5 23. f3 Nxg3 24. hxg3 e5 25. Rfc1 Rxc3 26. Rxc3 exd4 27. exd4 Qa7 28. Kh2 Bxd4 29. Rc1 Ne5 30. Qc2 Bc6 31. Ne4 Qe7 32. Qd2 Bxe4 33. Qxd4 Bxf3 34. Qb6 Bg4 35. Rc7 Bd7 36. Qa7 Ng4+ 37. Kh3 Ne5+ 38. Kh2 h5 39. Kg1 Kh6 40. Qe3+ g5 41. Kh1 Qf6 42. Qe2 Bb5 43. Qe1 Ng4 44. Qb1 Nf2+ 45. Kh2 Bd3 46. Qc1 Qe5 47. Qd2 Qf5 48. Rc1 Kg6 49. Qb4 Qe5 50. Re1 Be4 51. Qb8 Ng4+ 52. Kg1 Qd4+ 0-1

[Event "North Sea Cup 23th"]
[Site "Esbjerg"]
[Date "2008.07.13"]
[Round "5"]
[White "Hoffmann, Tobias"]
[Black "Hansen, Ib Lynaes"]
[Result "1-0"]
[WhiteElo "2034"]
[BlackElo "1926"]
[PlyCount "67"]
[EventDate "2008.07.11"]
[EventType "swiss"]
[EventRounds "10"]
[EventCountry "DEN"]
[SourceTitle "CBM 125 Extra"]
[Source "ChessBase"]
[SourceDate "2008.09.01"]
[SourceVersion "1"]
[SourceVersionDate "2008.09.01"]
[SourceQuality "1"]

1. e4 c5 2. Nf3 g6 3. d4 Bg7 4. c3 b6 5. Bd3 Nf6 6. e5 Nd5 7. Be4 Nc7 8. Bxa8 Nxa8 9. 0-0 Nc6 10. Bf4 0-0 11. d5 Na5 12. Na3 Nc7 13. b4 Nb7 14. Qd2 d6 15. Rad1 Bd7 16. bxc5 Ba4 17. cxd6 exd6 18. Rde1 Nb5 19. Nc4 Qc8 20. Nb2 Nc5 21. c4 Na3 22. Rc1 Bd7 23. Qe3 dxe5 24. Bh6 e4 25. Bxg7 Nxc4 26. Nxc4 Kxg7 27. Ng5 f5 28. Ne5 Bb5 29. Rfd1 f4 30. Qd4 Kg8 31. Ne6 Nxe6 32. Rxc8 Nxd4 33. Rxf8+ Kxf8 34. Rxd4 1-0

[Event "Baltic Sea Cup"]
[Site "Ronne"]
[Date "2007.08.04"]
[Round "8.47"]
[White "Hansen, Ib Lynaes"]
[Black "Noer, Martin Stampe"]
[Result "1/2-1/2"]
[WhiteElo "1926"]
[BlackElo "1766"]
[PlyCount "89"]
[EventDate "2007.07.30"]
[EventType "swiss"]
[EventRounds "9"]
[EventCountry "DEN"]
[SourceTitle "EXT 2023"]
[Source "ChessBase"]
[SourceDate "2022.10.05"]
[SourceVersion "1"]
[SourceVersionDate "2022.10.05"]
[SourceQuality "1"]

1. d4 d5 2. Nf3 Nf6 3. c4 c6 4. Nc3 dxc4 5. e4 b5 6. a3 e6 7. Be2 Be7 8. 0-0 0-0 9. Qc2 Qc7 10. Bg5 Bb7 11. e5 Nd5 12. Ne4 f6 13. Bh4 Nd7 14. Bg3 Qd8 15. h4 c5 16. exf6 N5xf6 17. Nd6 Qb6 18. dxc5 Nxc5 19. Nxb7 Qxb7 20. Ng5 Qb6 21. Be5 Ncd7 22. Bc3 h6 23. Nh3 e5 24. Rad1 Rad8 25. a4 a6 26. b3 cxb3 27. Qxb3+ Kh8 28. axb5 Ne4 29. Be1 Bxh4 30. Kh1 Bxf2 31. Bxf2 Rxf2 32. Nxf2 Nxf2+ 33. Rxf2 Qxf2 34. Qf3 Qh4+ 35. Kg1 Nc5 36. Rxd8+ Qxd8 37. Qc6 Qd4+ 38. Kf1 Qf4+ 39. Bf3 Qc1+ 40. Kf2 Qb2+ 41. Kg3 Qxb5 42. Qc8+ Kh7 43. Qf5+ Kh8 44. Qf8+ Kh7 45. Qf5+ 1/2-1/2